शाक्यमुनि बुध्द की सचित्र रंगीन - हिंदी कथा / (Record no. 214698)
[ view plain ]
| 000 -LEADER | |
|---|---|
| fixed length control field | 00824nam a22001697a 4500 |
| 005 - DATE AND TIME OF LATEST TRANSACTION | |
| control field | 20260324152524.0 |
| 020 ## - INTERNATIONAL STANDARD BOOK NUMBER | |
| Terms of availability | 00.00(बिना मूल्य की पुस्तक) |
| 037 ## - SOURCE OF ACQUISITION | |
| Source of stock number/acquisition | उपहार |
| 082 ## - DEWEY DECIMAL CLASSIFICATION NUMBER | |
| Classification number | क |
| 100 ## - MAIN ENTRY--PERSONAL NAME | |
| Personal name | शरण,हृषीकेश |
| 245 ## - TITLE STATEMENT | |
| Title | शाक्यमुनि बुध्द की सचित्र रंगीन - हिंदी कथा / |
| Remainder of title | हृषीकेश शरण |
| 260 ## - PUBLICATION, DISTRIBUTION, ETC. (IMPRINT) | |
| Place of publication, distribution, etc | लेखक एवं प्रकाशक |
| Date of publication, distribution, etc | 2017 |
| 270 ## - ADDRESS | |
| Telephone number | मो.9871212294,8076224303 |
| 300 ## - PHYSICAL DESCRIPTION | |
| Extent | 239 पृ. |
| Dimensions | 24 सेमी (सजिल्द) |
| Other physical details | सचित्र |
| 942 ## - ADDED ENTRY ELEMENTS (KOHA) | |
| Item type | Children Books |
| Source of classification or shelving scheme | Dewey Decimal Classification |
| Call number suffix | शरण |
| Classification part | क |
No items available.
